01287nam a2200337Ia 4500001001200000003000800012006001900020007001500039008004100054020002700095020002400122040002100146035002100167050002200188082001500210100002200225245007100247260004600318300002500364490004400389504005100433533015200484650002400636650001900660650001500679655002900694710001700723800006400740856012600804999001900930ebr10194238CaPaEBRm u cr cn|||||||||061206s2007 enka sb 001 0 eng d z9780199207855 (hbk.) : z0199207852 (hbk.) : aCaPaEBRcCaPaEBR a(OCoLC)25268588414aP325b.H79 2007eb04a401.432221 aHurford, James R.14aThe origins of meaningh[electronic resource] /cJames R. Hurford. aOxford :bOxford University Press,c2007. axiii, 388 p. :bill.1 aLanguage in the light of evolution ;v1 aIncludes bibliographical references and index. aElectronic reproduction.bPalo Alto, Calif. :cebrary,d2009.nAvailable via World Wide Web.nAccess may be limited to ebrary affiliated libraries. 0aSemanticsxHistory. 0aCommunication. 0aEvolution. 7aElectronic books.2local2 aebrary, Inc.1 aHurford, James R.tLanguage in the light of evolution ;v1.40uhttp://site.ebrary.com/lib/rucke/Doc?id=10194238zAn electronic book accessible through the World Wide Web; click to view c221424d221424